Loreto College Library, Kolkata
WEBOPAC (ONLINE PUBLIC ACCESS CATALOGUE)

Magic math (Record no. 40175)

MARC details
000 -LEADER
fixed length control field 00458nam a22001937a 4500
005 - DATE AND TIME OF LATEST TRANSACTION
control field 20151114101247.0
008 - FIXED-LENGTH DATA ELEMENTS--GENERAL INFORMATION
fixed length control field 151114b xxu||||| |||| 00| 0 eng d
020 ## - ISBN | অাই এস বি এন
PRICE 150
040 ## - CATALOGING SOURCE
Original cataloging agency Loreto College
041 ## - LANGUAGE CODE
Language code Bengali
082 ## - DDC | ডিউই
Classification number | বর্গসংখ্যা 510
Book Number | গ্রন্থাঙ্ক HOS
100 ## - MAIN ENTRY--PERSONAL NAME | মুখ্য সংলেখ - ব্যাক্তিনাম
Personal name | ব্যাক্তিনাম Hossain, Kamal
245 ## - TITLE STATEMENT | অাখ্যা বিবরণী
Title | অাখ্যা Magic math
Statement of responsibility | লেখকের দায়িত্বের বিবরণ Kamal Hossain
260 ## - IMPRINT | প্রকাশনা ক্ষেত্র
Place of publication | প্রকাশ স্থান Kolkata
Name of publisher | প্রকাশকের নাম Sahitya Bhavna
Date of publication | প্রকাশ কাল 2015
300 ## - PHYSICAL DESCRIPTION |
Page / Vol. No | পৃষ্ঠা / খন্ড সংখ্যা xviii,394p
Other physical details | অনান্য বাহ্যিক বিবরণ 16cm
650 ## - SUBJECT ADDED ENTRY--TOPICAL TERM | বিষয় শিরোনাম - মূল বিষয়
Topical term | মূল বিষয় Mathematics
850 ## - HOLDING INSTITUTION
Holding institution LCLIB
942 ## - ADDED ENTRY ELEMENTS (KOHA)
Koha item type Books
Holdings
Withdrawn status Lost status Source of classification Damaged status Not for loan Home library Current library Date acquired Price Total Checkouts Full call number Accession No. Date last seen Price effective from Koha item type
    Dewey Decimal Classification     Loreto College Loreto College 14/11/2015 150.00   510 HOS 51396 43776 14/11/2015 14/11/2015 Books